000 01332nam a22003374a 4500
001 ebr10006735
003 CaPaEBR
006 m u
007 cr cn|||||||||
008 000731s2001 nyua sb 001 0 eng
010 _z 00060252
020 _z0879695978 (hard cover : alk. paper)
020 _z0879696087 (paperback : alk. paper)
040 _aCaPaEBR
_cCaPaEBR
035 _a(OCoLC)658162316
050 1 4 _aQH441.2
_b.M68 2001eb
082 0 4 _a572.8/633
_221
100 1 _aMount, David W.
245 1 0 _aBioinformatics
_h[electronic resource] :
_bsequence and genome analysis /
_cDavid W. Mount.
260 _aCold Spring Harbor, N.Y. :
_bCold Spring Harbor Laboratory Press,
_cc2001.
300 _axii, 564 p. :
_bill. (some col.).
504 _aIncludes bibliographical references and index.
533 _aElectronic reproduction.
_bPalo Alto, Calif. :
_cebrary,
_d2013.
_nAvailable via World Wide Web.
_nAccess may be limited to ebrary affiliated libraries.
650 0 _aGenetics
_xData processing.
650 0 _aBioinformatics.
650 0 _aNucleotide sequence.
650 0 _aAmino acid sequence.
655 7 _aElectronic books.
_2local
710 2 _aebrary, Inc.
856 4 0 _uhttp://site.ebrary.com/lib/rucke/Doc?id=10006735
_zAn electronic book accessible through the World Wide Web; click to view
999 _c823
_d823